| 000 | 00497nam a2200181Ia 4500 | ||
|---|---|---|---|
| 999 |
_c14371 _d14371 |
||
| 003 | OSt | ||
| 005 | 20201109094237.0 | ||
| 008 | 190216s9999||||xx |||||||||||||| ||und|| | ||
| 020 | _a9780143032007 | ||
| 040 | _coclc | ||
| 082 |
_a823 _bMAT/D |
||
| 100 |
_aMathur, Anurag _95759 |
||
| 245 | 4 |
_aThe Department Of Denials / _cAnurag Mathur |
|
| 260 |
_bPenguin Books, _aNew Delhi: _c2004. |
||
| 300 | _a177p | ||
| 650 | _aEnglish | ||
| 942 |
_cBK _2ddc _h823 _iMAT/D _k823 _mMAT/D |
||